000
00328 a2200109 4500
001
ART_12552
005
20260410161907.0
008
260409a
245
1
0
_a
European Integration and Terms of Trade
100
1
_a
Petith, Howard C.
773
0
_t
The Economic Journal
_g
- Vol. 87, NÂș 346 (jun. 1977)
_w
REV12512
999
_c
26447
_d
26447